| 000 | 00800nam a22002777a 4500 | ||
|---|---|---|---|
| 001 | BR7405851 | ||
| 003 | BR-BrBNA | ||
| 005 | 20230928084624.0 | ||
| 007 | ta | ||
| 008 | 230509b bl.||||| |||| 00| 0 por d | ||
| 040 |
_aBR-BrBNA _bpor _cBiblioteca Nacional de Agricultura |
||
| 041 | _a(Por) | ||
| 072 |
_aE50 _b/G514 |
||
| 090 | _ E50 BR7405851 | ||
| 110 | 1 | _aSuperintendencia do Desenvolvimento da Amazonia, Belem, PA (Brasil) | |
| 245 | 1 | _aElementos para o aperfeicoamento do processo de ocupacao da Amazonia [Brasil] | |
| 260 | 3 |
_aBelem, PA (Brasil): _c1974. |
|
| 300 | _a23 p. | ||
| 650 | _aSOCIOLOGIA RURAL | ||
| 650 | _aPOLITICA ECONOMICA | ||
| 650 | _aPOLITICA AGRICOLA | ||
| 650 | _aCOLONIZACAO | ||
| 650 | _aAMAZONIA | ||
| 909 |
_a202309 _bLucia _c55 _dLucia Elande |
||
| 942 | _cBK | ||
| 999 |
_c20140 _d20140 |
||